Statistics for Most Countries in North America You Can Name in 1 Minute

Click here to take the quiz!

General Stats

  • This quiz has been taken 3,430 times
    (3,428 since last reset)
  • The average score is 17 of 23

Answer Stats

Country % Correct
United States of America
98%
Canada
98%
Mexico
94%
Cuba
82%
Panama
80%
Bahamas
75%
Dominica
75%
Haiti
75%
Jamaica
74%
Honduras
74%
Costa Rica
73%
Guatemala
70%
Belize
70%
El Salvador
69%
Nicaragua
69%
Dominican Republic
66%
Barbados
66%
Saint Kitts and Nevis
65%
Antigua and Barbuda
63%
Saint Lucia
62%
Trinidad and Tobago
60%
Saint Vincent and the Grenadines
59%
Grenada
52%

Score Distribution

Percentile by Number Answered

Percent of People with Each Score

Your Score History

You have not taken this quiz since the last reset